01177nam a2200325 a 450000100080000000500110000800800410001910000180006024500590007826000370013730000100017449000440018452003820022865000210061065000090063165000140064065000200065465000120067465000100068665000180069665000220071465000120073665000200074865000100076865000200077865300110079865300120080965300110082170000190083214828332015-09-03 1992 bl uuuu u0uu1 u #d1 aFIALHO, E. T. aUtilização de sorgo em rações para suínos e aves. aSete Lagoas: EMBRAPA-CNPMSc1992 a19 p. a(EMBRAPA-CNPMS. Circular técnica, 16). aIntrodução; Composição química do solo; Presença de tanino no sorgo; Desempenho de suinos alimentados com sorgo; Utilização do sorgo em rações de aves; Limitações técnicas da utilização do sorgo pelas industrias de rações; Comentarios finais e recomendações da pesquisa sobre a utilização do sorgo em rações de suinos e aves; Referências bibliograficas. aanimal nutrition aAves anutrition anutritive value apoultry aswine aAlimentação aNutrição Animal aRação aSorghum Bicolor aSorgo aValor Nutritivo aRation aSorghum aSuinos1 aBARBOSA, H. P.